000
00320 a2200109 4500
001
ART_12704
005
20260410161909.0
008
260409a
245
1
0
_a
On the theory of effective demand
100
1
_a
Green, Jerry R.
773
0
_t
The Economic Journal
_g
- Vol. 90, NÂș 358 (jun. 1980)
_w
REV12512
999
_c
26597
_d
26597